Geology and coal fields of the lower Matanuska valley, Alaska, (Record no. 25131)

MARC details
000 -LEADER
fixed length control field 00943cam a22002531 4500
001 - CONTROL NUMBER
control field gs 12000220
003 - CONTROL NUMBER IDENTIFIER
control field DLC
005 - DATE AND TIME OF LATEST TRANSACTION
control field 20260227111312.0
008 - FIXED-LENGTH DATA ELEMENTS--GENERAL INFORMATION
fixed length control field 770317s1912 dcuabf f000 0 eng c
010 ## - LIBRARY OF CONGRESS CONTROL NUMBER
LC control number gs 12000220
040 ## - CATALOGING SOURCE
Original cataloging agency U.S. Geol. Survey. Libr.
Transcribing agency ak
Modifying agency DLC
043 ## - GEOGRAPHIC AREA CODE
Geographic area code n-us-ak
050 00 - LIBRARY OF CONGRESS CALL NUMBER
Classification number QE75
Item number .B9 no. 500
051 ## - LIBRARY OF CONGRESS COPY, ISSUE, OFFPRINT STATEMENT
Classification number QE83
Item number .M33
Copy information Copy 2
100 1# - MAIN ENTRY--PERSONAL NAME
Personal name Martin, G. C.
Fuller form of name (George Curtis),
Dates associated with a name 1875-1943.
245 00 - TITLE STATEMENT
Title Geology and coal fields of the lower Matanuska valley, Alaska,
Statement of responsibility, etc. by G. C. Martin and F. J. Katz.
260 ## - PUBLICATION, DISTRIBUTION, ETC.
Place of publication, distribution, etc. Washington,
Name of publisher, distributor, etc. Govt. print. off.,
Date of publication, distribution, etc. 1912.
300 ## - PHYSICAL DESCRIPTION
Extent 96 p.
Other physical details illus., plates, fold. maps, fold. diagrs.
Dimensions 24 cm.
490 0# - SERIES STATEMENT
Series statement United States. Geological survey. Bulletin 500
500 ## - GENERAL NOTE
General note All maps but one in pocket on back-cover.
650 #0 - SUBJECT ADDED ENTRY--TOPICAL TERM
Topical term or geographic name entry element Geology
Geographic subdivision Alaska
-- Matanuska valley.
650 #0 - SUBJECT ADDED ENTRY--TOPICAL TERM
Topical term or geographic name entry element Coal mines and mining
Geographic subdivision Alaska.
700 1# - ADDED ENTRY--PERSONAL NAME
Personal name Katz, Frank J.
Fuller form of name (Frank James),
Dates associated with a name 1883-1930,
Relator term joint author.

No items available.

Powered by Koha